Entrepreneurial financial management : (Record no. 7644)

MARC details
000 -LEADER
fixed length control field 00796nam a22002297a 4500
003 - CONTROL NUMBER IDENTIFIER
control field OSt
005 - DATE AND TIME OF LATEST TRANSACTION
control field 20260121035653.0
008 - FIXED-LENGTH DATA ELEMENTS--GENERAL INFORMATION
fixed length control field 260121b |||||||| |||| 00| 0 eng d
020 ## - INTERNATIONAL STANDARD BOOK NUMBER
International Standard Book Number 0-13-009411-0
040 ## - CATALOGING SOURCE
Original cataloging agency DWC-Main Lib
Transcribing agency OC
082 ## - DEWEY DECIMAL CLASSIFICATION NUMBER
Classification number Circ. 658.15 C821 2004
100 ## - MAIN ENTRY--PERSONAL NAME
Personal name Cornwall, J.
245 ## - TITLE STATEMENT
Title Entrepreneurial financial management :
Remainder of title an applied approach
Statement of responsibility, etc. Cornwall, Jeffrey R.
260 ## - PUBLICATION, DISTRIBUTION, ETC.
Place of publication, distribution, etc. New Jersey :
Name of publisher, distributor, etc. Pearson Education, Inc.,
Date of publication, distribution, etc. c2004
300 ## - PHYSICAL DESCRIPTION
Extent xiv, 258 pages ;
Dimensions 23 cm.
504 ## - BIBLIOGRAPHY, ETC. NOTE
Bibliography, etc. note Includes bibliographical references and index.
650 ## - SUBJECT ADDED ENTRY--TOPICAL TERM
Source of heading or term Business enterprises - finance.
650 ## - SUBJECT ADDED ENTRY--TOPICAL TERM
Source of heading or term Entrepreneurship
700 ## - ADDED ENTRY--PERSONAL NAME
Personal name Vang, David O.
700 ## - ADDED ENTRY--PERSONAL NAME
Personal name Hartman, Jean M.
942 ## - ADDED ENTRY ELEMENTS (KOHA)
Source of classification or shelving scheme Dewey Decimal Classification
Koha item type Book Circulation
Classification part Circ. 658.15 C821 2004
Call number prefix Circ.
Suppress in OPAC No
952 ## - LOCATION AND ITEM INFORMATION (KOHA)
--
Holdings
Withdrawn status Lost status Source of classification or shelving scheme Damaged status Not for loan Home library Current library Shelving location Date acquired Source of acquisition Cost, normal purchase price Total Checkouts Full call number Barcode Date last seen Copy number Price effective from Koha item type Uniform Resource Identifier
    Dewey Decimal Classification     College Library College Library Circulation 07/18/2005 School Fund 4613.00   Circ. 658.15 C821 2004 CL42092 01/21/2026 c1 01/21/2026 BK-CIRC